00438nam a22001577a 450000500170000001000260001702000260004303500140006903500140008303700090009708200060010610000210011224500960013326000300022930000210025920250528170123.0 aENG-143985 ENG-145041 a9781999520205c350.00 aEN-127517 aEN-128573 bDBAD aS aBrooks, Sarazen  aWhy am I Here ?/bA Near - Death Experience with the Ancient of Days /cby Sarazen Brooks  bThe Venusian Press c2021 a312p.c23cm(pbk)